000 01105nam a22003257a 4500
003 CHAP
005 20220817041124.0
008 971013s1991 r 00010 d
010 _a6890
011 _a7862
035 _a7087
040 _cCHAP
082 _a378.72
_bR6
100 0 0 _aRojas, Rosa
_ecomp.
_999395
245 _aPlaneación
_b: búsqueda y encuentro, las universidades públicas en México
260 _aGuadalajara, Jal. :
_bUniversidad de Guadalajara,
_c1991
300 _a2 v
590 _aBATCH-UPD
_b10
_c20130110
_lUCH01
_h1233
590 _aBATCH-UPD
_b10
_c20130410
_lUCH01
_h0802
590 _aBATCH-UPD
_b10
_c20130914
_lUCH01
_h1244
590 _aCONVERSION
_b10
_c20130109
_lUCH01
_h1305
650 1 4 _aEducación superior.
650 1 4 _aPolítica educativa
_zMéxico.
_990561
650 1 4 _aUniversidades
_xAdministración.
_9116596
650 1 4 _aUniversidades
_xMéxico.
_9116657
901 _aBK
942 _cLIBRO
949 _a378.72 R6
_bBC
_cLIBRO
_d33724000440418
_eLIBRO
_fv.1
_h84496
_i7087
_mD
_si
949 _a378.72 R6
_bBC
_cLIBRO
_d33724000440442
_eLIBRO
_fv.2
_h84497
_i7087
_mD
_si
999 _c6890
_d6890